000 00761cam a22001457a 4500
008 180718b2000 xxu||||| |||| 00| 0 eng d
082 _aA81x54 91/9/PT3B/B
100 _aCensus of India 1991
245 _aHimachal Pradesh: economic tables
260 _aDelhi
_bThe Controller of Publications
_c2000
300 _a1007+p.
440 _aCensus of India 1991. Series-9, Himachal Pradesh. Part IIIB-B series
500 _aLibrary has v.1. 2000. 1007+p. Tables B-2(F), B-3(F), B-6(F), B-7(F), B-8(F), B-9(F), B-12(F), B-13(i), B-13(ii), B-14(F);v.2. 1997. Tables B-15(i)(F), B-15(ii)(F), B-16, B-17(F), B-18(F), B-19(F) and B-20(F);v.3. 1997. 687+p. Tables B-21(F) Part A&B, B-22(F), B-23(F) and B-24(F)
650 _aHimachal Pradesh - Economic conditions - Census
999 _c489609
_d489609